Central Library OPAC University of Rajshahi

The sanctity of life and the criminal law / (Record no. 47113)

MARC details
000 -LEADER
fixed length control field 00718nam a2200241 a 4500
001 - CONTROL NUMBER
control field 47113
003 - CONTROL NUMBER IDENTIFIER
rucl marc code BD-RjUL
005 - DATE AND TIME OF LATEST TRANSACTION
control field 20211209054248.0
008 - FIXED-LENGTH DATA ELEMENTS--GENERAL INFORMATION
fixed length control field 160807s1958 enk 001 0 eng
035 ## - SYSTEM CONTROL NUMBER
System control number (BD-RjUL)47232
040 ## - CATALOGING SOURCE
Original cataloging agency DLC
Transcribing agency FUB
Modifying agency m.c
-- BD-RjUL
Language of cataloging eng
041 ## - LANGUAGE CODE
Language code of text/sound track or separate title eng
082 ## - DEWEY DECIMAL CLASSIFICATION NUMBER
Edition number 23
Classification number 343
Author mark and year WIS 1958
100 1# - MAIN ENTRY--PERSONAL NAME
Personal name Williams, Glanville
9 (RLIN) 139266
245 14 - TITLE STATEMENT
Title The sanctity of life and the criminal law /
Statement of responsibility, etc. Glanville Williams
260 ## - PUBLICATION, DISTRIBUTION, ETC. (IMPRINT)
Place of publication, distribution, etc. London :
Name of publisher, distributor, etc. Faber and Faber,
Date of publication, distribution, etc. 1958,
300 ## - PHYSICAL DESCRIPTION
Pagination 319 p. ;
Size 23 cm
500 ## - GENERAL NOTE
General note index
650 #0 - SUBJECT ADDED ENTRY--TOPICAL TERM
Topical term or geographic name as entry element Criminal law -- Philosophy..
9 (RLIN) 143468
Topical term or geographic name as entry element Law and ethics.
9 (RLIN) 142512
Topical term or geographic name as entry element Williams, Glanville Llewelyn, -- 1911-1997.
9 (RLIN) 143469
942 ## - ADDED ENTRY ELEMENTS (KOHA)
Source of classification or shelving scheme Dewey Decimal Classification
Koha item type Books
Holdings
Lost status Source of classification or shelving scheme Damaged status Not for loan Collection code Permanent Location Current Location Shelving location Date acquired Source of acquisition Cost, normal purchase price Total Checkouts Full call number Date last seen Copy number Koha item type
  Dewey Decimal Classification     Non-fiction Central Library, University of Rajshahi Central Library, University of Rajshahi   24/06/1968 Zeithinger 36.00   343 WIS 1958 07/08/2016 C-2 Books
  Dewey Decimal Classification     Non-fiction Central Library, University of Rajshahi Central Library, University of Rajshahi   24/06/1968 Zeithinger 36.00   343 WIS 1958 07/08/2016 C-3 Books